000
00328nam a2200121Ia 4500
008
220216s9999 xx 000 0 und d
100
_a
Gopalakrishnan K.S.
245
0
_a
Enormous potential for road rubberisation
260
_b
Indian Rubber and Plastics Age
_c
1999
300
_a
9-Jul
650
_a
Rubberized road
942
_c
BS
999
_c
51206
_d
51206